Postacie z serii o Harrym Potterze (łatwy) - Statystyki

Ogólne statystyki
  • Ten quiz został rozwiązany 3 086 razy
  • Średni wynik to 10 z 12
Statystyki odpowiedzi
Hint Odpowiedź % Poprawnych
główny bohater serii, chłopiec który przeżył Harry Potter
100%
jest on najmłodszym synem Molly i Artura, jeden z najlepszych przyjaciół tytułowego bohatera Ron Weasley
94%
jest jedną z najlepszych przyjaciół głównego bohatera, jej rodzice są mugolami Hermiona Granger
92%
Czarny Pan, potężny czarnoksiężnik, przywódca śmierciożerców Tom Marvolo Riddle
86%
jeden ze sławnych bliźniaków, zginął podczas Drugiej Bitwy o Hogwart Fred Weasley
85%
drugi ze sławnych bliźniaków George Weasley
84%
syn Lucjusza i Narcyzy, jako uczeń Hogwartu należał do Slytherinu Draco Malfoy
79%
wybitny czarodziej, najpierw nauczyciel transmutacji, a później wieloletni dyrektor Hogwartu, Albus Dumbledore
78%
nauczyciel w Hogwarcie, przez pewnien czas dyrektor Hogwartu, opiekun domu Slytherin Severus Snape
78%
gajowy i strażnik kluczy w Hogwarcie Rubeus Hagrid
75%
najlepszy przyjaciel ojca głównego bohatera, jeden z Huncwotów, członek Zakonu Feniksa Syriusz Black
72%
dwukrotna dyrektorka Hogwartu, nauczycielka transmutacji, opiekunka Gryffindoru Minerwa McGonagall
55%
Nie znaleziono quizów pasujących do podanych kryteriów
Rozkład punktacji
Procent ludzi z każdym wynikiem
Percentyl według liczby udzielonych odpowiedzi
Twoja historia wyników
Nie rozwiązałeś tego quizu